Music Quiz

Random Music or Song Quiz

Missing Word: Andrew McMahon Songs Quiz Stats

 Plays Quiz not verified by Sporcle

Challenge
Share
Tweet
Embed
Score 0/20 Timer 04:00
0 Plays Today
Song Title Missing Word % Correct
Punk Rock ________Princess
96.2%
I Woke Up in a ____Car
96.2%
____ the MessengerKill
91.1%
The _____ TapeMixed
89.9%
______ and the SatelliteCecilia
87.3%
See Her on the ______Weekend
86.1%
_____ BlueDark
86.1%
She ______ Me BluePaints
84.8%
Canyon ____Moon
84.8%
All Our _____Lives
84.8%
Song Title Missing Word % Correct
Rainy ____Girl
83.5%
If You C ______Jordan
82.3%
_____ for the GetawayMaps
81%
My Racing ______Thoughts
74.7%
Learn to _____Dance
74.7%
The ______ and BuzzLights
64.6%
Amelia ____Jean
63.3%
_____ the FireAfter
54.4%
Dancing with a ____Gun
45.6%
____ Days GoneTen
40.5%

You're not logged in!

Compare scores with friends on all Sporcle quizzes.
Join for Free
OR
Log In

You Might Also Like...

Show Comments

Extras

Top Quizzes Today


Score Distribution

Your Account Isn't Verified!

In order to create a playlist on Sporcle, you need to verify the email address you used during registration. Go to your Sporcle Settings to finish the process.

Report this User

Report this user for behavior that violates our Community Guidelines.

Details: